Score 0/24 Timer 04:00
0 Plays Today
Mixed Word Unmixed word % Correct
NEIP TUNSPINE NUTS
94.1%
COBANBACON
86.7%
LISBABASIL
86.1%
AGOT EEECHSGOAT CHEESE
85.7%
PIMHSRSHRIMP
84.5%
DRE SONONIRED ONIONS
81.4%
APEPINELPPINEAPPLE
74.3%
FATEFETA
70.5%
GROONOGZALGORGONZOLA
69.6%
HICCIZUNZUCCHINI
67.6%
ZEZMOARLALMOZZARELLA
66.8%
CHANIEOVSANCHOVIES
64.6%
Mixed Word Unmixed word % Correct
MEKODS AGOUDSMOKED GOUDA
59.9%
Common bond:PIZZA TOPPINGS
56.3%
YOMARSERROSEMARY
54.6%
OCHOZIRCHORIZO
54%
STOPEPESTO
49.6%
ROBOTOPELLPORTOBELLO
47.3%
ROPEOVOLNPROVOLONE
43.3%
AKLAAMAT SOILEVKALAMATA OLIVES
39.9%
EARGOONOREGANO
37.8%
KITEROACH TRASHEARTICHOKE HEARTS
31.3%
SANERAPMPARMESAN
25.1%
SCRAPECAPERS
21.4%
Remove Ads.
Support Sporcle.
Get the best of Sporcle when you Go Orange. This ad-free experience offers more features, more stats, and more fun while also helping to support Sporcle. Thank you for becoming a member.

You're not logged in!

Compare scores with friends on all Sporcle quizzes.
OR
Log In

Show Comments

Extras

Top Quizzes Today


Score Distribution

Your Account Isn't Verified!

In order to create a playlist on Sporcle, you need to verify the email address you used during registration. Go to your Sporcle Settings to finish the process.

Report this User

Report this user for behavior that violates our Community Guidelines.

Details: